ბათუმის შოთა რუსთაველის სახელმწიფო უნივერსიტეტის ბიბლიოთეკა

ზღვა და ოთხი ქალიშვილი (ბიბ.ჩანაწერი № 48573)

000 -LEADER
fixed length control field 00837nam a2200229Ia 4500
001 - CONTROL NUMBER
control field 15472
003 - CONTROL NUMBER IDENTIFIER
control field GE_BSU
008 - FIXED-LENGTH DATA ELEMENTS--GENERAL INFORMATION
fixed length control field 181216s||||||||xx |||||||||||||| ||und||
040 ## - CATALOGING SOURCE
Transcribing agency GE_BSU
080 ## - UNIVERSAL DECIMAL CLASSIFICATION NUMBER
Universal Decimal Classification number 821.353.1-32
100 ## - MAIN ENTRY--PERSONAL NAME
Personal name ჩხაიძე,ალექსანდრე
245 ## - TITLE STATEMENT
Title ზღვა და ოთხი ქალიშვილი
245 ## - TITLE STATEMENT
Remainder of title დოკუმენტ.მოთხრობა
245 ## - TITLE STATEMENT
Statement of responsibility, etc. რედ.ჯ.აბდუშელი. მხატვ. ლ.სეიდიშვილი
260 ## - PUBLICATION, DISTRIBUTION, ETC.
Place of publication, distribution, etc. ბათუმი
260 ## - PUBLICATION, DISTRIBUTION, ETC.
Name of publisher, distributor, etc. საბჭოთა საქართველო
260 ## - PUBLICATION, DISTRIBUTION, ETC.
Date of publication, distribution, etc. 1969
300 ## - PHYSICAL DESCRIPTION
Extent 283გვ.21სმ.
653 ## - INDEX TERM--UNCONTROLLED
Uncontrolled term დოკუმენტ.მოთხრობა
653 ## - INDEX TERM--UNCONTROLLED
Uncontrolled term ზღვა და ოთხი ქალიშვილი
942 ## - ADDED ENTRY ELEMENTS (KOHA)
Koha item type წიგნი
ეგზემპლარები
Withdrawn status Lost status Damaged status Not for loan Date acquired Barcode Date last seen Price effective from Koha item type
        2018-12-17 38577 2018-12-17 2018-12-17 წიგნი